MİDOS KARTALI'NIN GÖZLERİ (Record no. 1219504)

MARC details
000 -LEADER
sabit uzunluktaki kontrol alanı 00257nam a2200097Ia 4500
001 - KONTROL NUMARASI
kontrol alanı 1219504
005 - EN SON İŞLEMİN TARİH VE ZAMANI
kontrol alanı 20250827024706.0
008 - SABİT-UZUNLUKTA VERİ ÖĞELERİ--GENEL BİLGİ
sabit uzunluktaki kontrol alanı 250824s9999 xx 000 0 und d
245 #0 - ESER / YAZAR
ESER ADI MİDOS KARTALI'NIN GÖZLERİ
Yazar Adı GÜLTEN DAYIOĞLU
260 ## - YAYIN, DAĞITIM, VB.
YAYIN EVİ ALTIN KİTAPLAR
Holdings
Düşüm durumu Kayıp durumu Hasar Durumu Ödünç verilmez Ana kütüphane Geçerli Kütüphane Edinilen tarih Toplam ödünç verme sayısı Barkod Son görüntüleme tarihi Fiyatın geçerli olmaya başladığı tarih Koha materyal türü
        HOCA AHMET YESEVİ ORTAOKULU HOCA AHMET YESEVİ ORTAOKULU 24.08.2025   10629261 27.08.2025 27.08.2025 Books